header

The empirical stance (Record no. 136105)

MARC details
000 -LEADER
fixed length control field 01151nam a22003014a 4500
082 04 - DEWEY DECIMAL CLASSIFICATION NUMBER
Classification number 146/.44
100 1# - MAIN ENTRY--AUTHOR NAME
Personal name Van Fraassen, Bas C.,
245 14 - TITLE STATEMENT
Title The empirical stance
260 ## - PUBLICATION, DISTRIBUTION, ETC. (IMPRINT)
Place of publication New Haven, CT :
Name of publisher Yale University Press,
Year of publication c2002.
300 ## - PHYSICAL DESCRIPTION
Number of Pages xix, 282 p.
490 1# - SERIES STATEMENT
Series statement The Terry lectures
650 #0 - SUBJECT ADDED ENTRY--TOPICAL TERM
Topical Term Empiricism.
856 40 - ELECTRONIC LOCATION AND ACCESS
Uniform Resource Identifier http://site.ebrary.com/lib/rucke/Doc?id=10170035

No items available.

© 2026 Rongo University
Contact us: librarian | system librarian | Rongo university